[Event "Titled Tuesday intern op 16th Jan Late"]
[Site "Chess.com INT"]
[Date "2024.01.16"]
[Round "5"]
[White "Fernandez Diaz, Cristian"]
[Black "Vachier Lagrave, Maxime"]
[Result "0-1"]
[WhiteElo "2223"]
[BlackElo "2734"]
[PlyCount "66"]
[EventDate "2024.01.16"]
[EventType "swiss (blitz)"]
[EventRounds "11"]
[EventCountry "USA"]
[SourceTitle "CB04_2024"]
[SourceDate "2023.10.16"]
[SourceVersion "1"]
[SourceVersionDate "2023.10.16"]
[SourceQuality "1"]

1. d4 Nf6 2. c4 e6 3. Nf3 d5 4. g3 Bb4+ 5. Nc3 0-0 6. Bg2 dxc4 7. 0-0 Nc6 8. a3 Be7 9. e4 Nd7 10. Qc2 Nb6 11. Be3 Bd7 12. Rad1 Na5 13. Ne5 f6 14. Nxd7 Qxd7 15. Bh3 Qc6 16. d5 exd5 17. exd5 Qe8 18. Rfe1 Qd8 19. Bf5 h6 20. Be6+ Kh8 21. Bxh6 f5 22. Be3 g6 23. Bd4+ Bf6 24. Qd2 Kg7 25. Qf4 Qd6 26. Re5 Nb3 27. Rde1 Nxd4 28. Qxd4 c6 29. Bxf5 gxf5 30. Re7+ Rf7 31. Rxf7+ Kxf7 32. Qd2 Nxd5 33. Qh6 Rh8 0-1

[Event "Iberoamerican-ch Rapid"]
[Site "Sant Boi"]
[Date "2023.12.09"]
[Round "3"]
[White "Fernandez Diaz, Cristian"]
[Black "Narciso Dublan, Marc"]
[Result "0-1"]
[WhiteElo "2223"]
[BlackElo "2424"]
[PlyCount "50"]
[EventDate "2023.12.09"]
[EventType "swiss (rapid)"]
[EventRounds "9"]
[EventCountry "ESP"]
[SourceTitle "CB50_2023"]
[SourceDate "2023.12.13"]
[SourceVersion "1"]
[SourceVersionDate "2023.12.13"]
[SourceQuality "1"]

1. d4 d6 2. e4 Nf6 3. Nc3 g6 4. f4 Bg7 5. Nf3 0-0 6. e5 dxe5 7. fxe5 Nd5 8. Bc4 Nxc3 9. bxc3 c5 10. 0-0 Bg4 11. h3 Bxf3 12. Qxf3 Nc6 13. Bxf7+ Kh8 14. Qd5 cxd4 15. Bg5 dxc3 16. Rab1 Qc7 17. e6 Rad8 18. Qe4 Rd4 19. Qe2 Qg3 20. h4 Rxh4 21. Bxh4 Bd4+ 22. Rf2 Qxh4 23. Rxb7 Ne5 24. Rb4 Ng4 25. Qf3 Bxf2+ 0-1

[Event "Pobla de Lillet op 32nd"]
[Site "La Pobla de Lillet"]
[Date "2023.08.03"]
[Round "2"]
[White "Garcia Paolicchi, Raul"]
[Black "Fernandez Diaz, Cristian"]
[Result "1/2-1/2"]
[WhiteElo "2054"]
[BlackElo "2238"]
[PlyCount "60"]
[EventDate "2023.08.02"]
[EventType "swiss"]
[EventRounds "9"]
[EventCountry "ESP"]
[SourceTitle "CBM 215 Extra"]
[Source "ChessBase"]
[SourceDate "2023.09.30"]
[SourceVersion "1"]
[SourceVersionDate "2023.09.30"]
[SourceQuality "1"]

1. d4 Nf6 2. Nf3 g6 3. Bg5 Bg7 4. Nbd2 c5 5. Bxf6 Bxf6 6. Ne4 Qb6 7. Nxf6+ Qxf6 8. c3 d6 9. e3 0-0 10. Be2 Nc6 11. 0-0 a6 12. Qc2 cxd4 13. cxd4 e6 14. Rac1 Qe7 15. Rfd1 Rd8 16. Qb3 d5 17. Qb6 Bd7 18. Rc5 Be8 19. Rdc1 f6 20. Bd1 Kg7 21. Be2 Bf7 22. b4 Rd6 23. R5c2 e5 24. Qc5 Rc8 25. Qc3 Rdd8 26. Qb2 e4 27. Nd2 Be6 28. a3 Bd7 29. Nb3 f5 30. Nc5 Be8 1/2-1/2

[Event "Titled Tuesday intern op 25th Jul Late"]
[Site "Chess.com INT"]
[Date "2023.07.25"]
[Round "3"]
[White "Bongo Akanga Ndjila, Barthelemy"]
[Black "Fernandez Diaz, Cristian"]
[Result "0-1"]
[WhiteElo "1824"]
[BlackElo "2238"]
[PlyCount "66"]
[EventDate "2023.07.25"]
[EventType "swiss (blitz)"]
[EventRounds "11"]
[EventCountry "USA"]
[SourceTitle "EXT 2024"]
[Source "ChessBase"]
[SourceDate "2023.10.10"]
[SourceVersion "1"]
[SourceVersionDate "2023.10.10"]
[SourceQuality "1"]

1. d4 Nf6 2. c4 g6 3. Nc3 d5 4. cxd5 Nxd5 5. e4 Nxc3 6. bxc3 Bg7 7. Be3 c5 8. Qd2 Qa5 9. Nf3 0-0 10. Rb1 a6 11. Bd3 Nc6 12. 0-0 cxd4 13. cxd4 Qxd2 14. Nxd2 Nxd4 15. f3 b5 16. a4 bxa4 17. Nc4 Nb3 18. Nb6 Rb8 19. Nxa4 Bd7 20. Nc5 Nxc5 21. Bxc5 Bb5 22. Bxb5 axb5 23. Bxe7 Rfc8 24. Bd6 Rb6 25. e5 Bf8 26. Rfd1 Rcc6 27. Bxf8 Kxf8 28. Rd5 b4 29. f4 b3 30. Rd3 b2 31. Rd2 Rc1+ 32. Rd1 Rxd1+ 33. Rxd1 b1Q 0-1

[Event "Titled Tuesday intern op 25th Jul Late"]
[Site "Chess.com INT"]
[Date "2023.07.25"]
[Round "2"]
[White "Czernek, Tymon"]
[Black "Fernandez Diaz, Cristian"]
[Result "1-0"]
[WhiteElo "2307"]
[BlackElo "2238"]
[PlyCount "49"]
[EventDate "2023.07.25"]
[EventType "swiss (blitz)"]
[EventRounds "11"]
[EventCountry "USA"]
[SourceTitle "EXT 2024"]
[Source "ChessBase"]
[SourceDate "2023.10.10"]
[SourceVersion "1"]
[SourceVersionDate "2023.10.10"]
[SourceQuality "1"]

1. e4 c5 2. Nf3 Nc6 3. d4 cxd4 4. Nxd4 g6 5. Nxc6 bxc6 6. c4 Nf6 7. Nc3 d6 8. Bd3 Bg7 9. 0-0 0-0 10. h3 Nd7 11. f4 Nc5 12. Bc2 Rb8 13. Qe2 Qa5 14. Rf3 Ba6 15. Kh1 Qb4 16. Bb3 Qa5 17. Bc2 Rb4 18. f5 Rxc4 19. Qf2 Bxc3 20. bxc3 Nxe4 21. Qxa7 Nxc3 22. Bb3 Nb5 23. Qxe7 Nd4 24. Bh6 Rb8 25. fxg6 1-0

[Event "Catalunya-chT Gp2 Final"]
[Site "Barcelona"]
[Date "2023.03.18"]
[Round "2.3"]
[White "Fernandez Diaz, Cristian"]
[Black "Ribera Veganzones, Serni"]
[Result "1/2-1/2"]
[WhiteElo "2243"]
[BlackElo "2195"]
[PlyCount "34"]
[EventDate "2023.03.11"]
[EventType "team-k.o."]
[EventRounds "4"]
[EventCountry "ESP"]
[SourceTitle "EXT 2024"]
[Source "ChessBase"]
[SourceDate "2023.10.10"]
[SourceVersion "1"]
[SourceVersionDate "2023.10.10"]
[SourceQuality "1"]
[WhiteTeam "Mollet"]
[BlackTeam "Andorra"]
[WhiteTeamCountry "ESP"]
[BlackTeamCountry "AND"]

1. d4 Nf6 2. c4 e6 3. g3 d5 4. Nf3 Be7 5. Bg2 0-0 6. 0-0 dxc4 7. Qc2 a6 8. a4 Bd7 9. Rd1 Bc6 10. Nc3 a5 11. e4 Na6 12. Ne5 Nb4 13. Qe2 Nd3 14. Nxc4 Nxc1 15. Raxc1 Bb4 16. Ne5 Be8 17. Qc4 Nd7 1/2-1/2

[Event "Barcelona Sant Marti op 10th"]
[Site "Barcelona"]
[Date "2023.03.02"]
[Round "8"]
[White "Fernandez Diaz, Cristian"]
[Black "Capellades Subirana, Marc"]
[Result "1-0"]
[WhiteElo "2252"]
[BlackElo "2207"]
[PlyCount "51"]
[EventDate "2023.01.12"]
[EventType "swiss"]
[EventRounds "9"]
[EventCountry "ESP"]
[SourceTitle "CBM 213 Extra"]
[Source "ChessBase"]
[SourceDate "2023.05.31"]
[SourceVersion "1"]
[SourceVersionDate "2023.05.31"]
[SourceQuality "1"]

1. d4 Nf6 2. c4 e6 3. Nf3 Bb4+ 4. Nbd2 d5 5. a3 Be7 6. g3 b6 7. Bg2 Bb7 8. cxd5 exd5 9. 0-0 Nbd7 10. Nb1 0-0 11. Nc3 Ne4 12. Bf4 g5 13. Bc1 f5 14. Qb3 c6 15. Nd2 Nxd2 16. Bxd2 Kh8 17. Rfd1 Qe8 18. Rac1 f4 19. e4 f3 20. Bf1 Nf6 21. exd5 Nxd5 22. Nxd5 cxd5 23. Rc7 Bd6 24. Rxb7 Qc6 25. Ba6 Bf4 26. gxf4 1-0

[Event "Barcelona Sant Marti op 10th"]
[Site "Barcelona"]
[Date "2023.02.23"]
[Round "7"]
[White "Nadal Fajardo, Ricard"]
[Black "Fernandez Diaz, Cristian"]
[Result "0-1"]
[WhiteElo "2018"]
[BlackElo "2252"]
[PlyCount "96"]
[EventDate "2023.01.12"]
[EventType "swiss"]
[EventRounds "9"]
[EventCountry "ESP"]
[SourceTitle "CBM 213 Extra"]
[Source "ChessBase"]
[SourceDate "2023.05.31"]
[SourceVersion "1"]
[SourceVersionDate "2023.05.31"]
[SourceQuality "1"]

1. c4 Nf6 2. Nc3 g6 3. g3 Bg7 4. Bg2 0-0 5. e4 d6 6. Nge2 c5 7. 0-0 Nc6 8. d3 a6 9. h3 Rb8 10. Be3 b5 11. Qd2 bxc4 12. dxc4 Ne5 13. b3 Bxh3 14. f4 Bxg2 15. Kxg2 Neg4 16. Bg1 Qd7 17. Rad1 Qb7 18. Qd3 e6 19. Qf3 Rfd8 20. Rd3 h5 21. Rfd1 Qc7 22. R3d2 Ne8 23. Na4 f5 24. Nec3 Bf8 25. Re2 Ng7 26. Red2 Re8 27. Rd3 Rbd8 28. R3d2 e5 29. Nd5 Qf7 30. Nac3 Ne6 31. Rf1 Nd4 32. Qd3 Bh6 33. Rdd1 Qg7 34. Rde1 Rf8 35. Nd1 Rde8 36. Nf2 Nf6 37. Nxf6+ Rxf6 38. Nh3 Qb7 39. Kh2 Qd7 40. Bxd4 cxd4 41. exf5 gxf5 42. Re2 Rff8 43. Ref2 Bg7 44. fxe5 dxe5 45. Rxf5 Rxf5 46. Rxf5 e4 47. Qf1 e3 48. Ng5 e2 0-1

[Event "Catalunya-chT Gp2"]
[Site "Barcelona"]
[Date "2023.02.04"]
[Round "3.3"]
[White "Fernandez Diaz, Cristian"]
[Black "Lazaro Pujol, Abel"]
[Result "1-0"]
[WhiteElo "2252"]
[BlackElo "2348"]
[PlyCount "94"]
[EventDate "2023.01.21"]
[EventType "team-tourn"]
[EventRounds "7"]
[EventCountry "ESP"]
[SourceTitle "CBM 213 Extra"]
[Source "ChessBase"]
[SourceDate "2023.05.31"]
[SourceVersion "1"]
[SourceVersionDate "2023.05.31"]
[SourceQuality "1"]
[WhiteTeam "Mollet"]
[BlackTeam "Figueres"]
[WhiteTeamCountry "ESP"]
[BlackTeamCountry "ESP"]

1. d4 Nf6 2. c4 e6 3. Nf3 d5 4. g3 dxc4 5. Bg2 Nc6 6. Qa4 Bb4+ 7. Bd2 Nd5 8. Qb5 Bxd2+ 9. Nbxd2 c3 10. bxc3 Nxc3 11. Qb3 Nd5 12. 0-0 0-0 13. Rfc1 Nde7 14. e3 Rb8 15. Ne1 Qe8 16. Nd3 b6 17. Rc2 Bb7 18. Qa4 a5 19. Rac1 Nb4 20. Qxe8 Rfxe8 21. Nxb4 axb4 22. Bxb7 Rxb7 23. Rxc7 Rxc7 24. Rxc7 Nd5 25. Rc4 Ra8 26. e4 b5 27. Rc5 Nc3 28. Nb3 Kf8 29. Nc1 Ra5 30. e5 Ke7 31. Kg2 Kd7 32. Kf3 Ra3 33. Kg2 f6 34. exf6 gxf6 35. h4 Kd6 36. g4 e5 37. Rc8 Nxa2 38. dxe5+ fxe5 39. Nxa2 Rxa2 40. g5 b3 41. Rc1 b2 42. Rb1 Kd5 43. Kf3 Kd4 44. h5 Kc3 45. Ke4 Ra1 46. Rxb2 Re1+ 47. Kf5 Kxb2 1-0

[Event "Barcelona Sants op-A 23rd"]
[Site "Barcelona"]
[Date "2022.08.24"]
[Round "6"]
[White "Fernandez Diaz, Cristian"]
[Black "Cordova, Emilio"]
[Result "0-1"]
[WhiteElo "2281"]
[BlackElo "2533"]
[PlyCount "82"]
[EventDate "2022.08.19"]
[EventType "swiss"]
[EventRounds "10"]
[EventCountry "ESP"]
[SourceTitle "CBM 209 Extra"]
[Source "ChessBase"]
[SourceDate "2022.09.30"]
[SourceVersion "1"]
[SourceVersionDate "2022.09.30"]
[SourceQuality "1"]

1. d4 Nf6 2. c4 e6 3. Nc3 Bb4 4. Qc2 c5 5. dxc5 Bxc5 6. Nf3 Nc6 7. e3 b6 8. Be2 Bb7 9. 0-0 Rc8 10. Rd1 0-0 11. a3 Qc7 12. b4 Be7 13. Bb2 Qb8 14. Rac1 d6 15. Qb1 h6 16. Qa1 Rfd8 17. h3 Bf8 18. Rc2 Ne7 19. Rcd2 Ng6 20. Rd4 a6 21. Qb1 Ba8 22. Ba1 Rc7 23. Qb3 Rdc8 24. Bb2 Be7 25. Ba1 Ne8 26. Bb2 Bf6 27. Rg4 Bxf3 28. gxf3 d5 29. cxd5 Rxc3 30. Bxc3 Rxc3 31. Qa2 exd5 32. Qxd5 Ne5 33. Re4 Nc7 34. Qa2 Qa8 35. Rd6 Nb5 36. Qd5 Rc1+ 37. Bf1 Nxf3+ 38. Kg2 Nh4+ 39. Kg1 Qxd5 40. Rxd5 Nc3 41. Re8+ Kh7 0-1

[Event "La Pobla de Lillet op-A"]
[Site "La Pobla de Lillet"]
[Date "2022.08.07"]
[Round "6"]
[White "Alfonso Durban, Xavier"]
[Black "Fernandez Diaz, Cristian"]
[Result "1-0"]
[WhiteElo "2159"]
[BlackElo "2281"]
[PlyCount "39"]
[EventDate "2022.08.02"]
[EventType "swiss"]
[EventRounds "9"]
[EventCountry "ESP"]
[SourceTitle "CBM 209 Extra"]
[Source "ChessBase"]
[SourceDate "2022.09.30"]
[SourceVersion "1"]
[SourceVersionDate "2022.09.30"]
[SourceQuality "1"]

1. d4 Nf6 2. c4 c5 3. d5 g6 4. Nc3 Bg7 5. e4 d6 6. Bd3 0-0 7. Nge2 e6 8. 0-0 Ng4 9. h3 Ne5 10. f4 Nxd3 11. Qxd3 exd5 12. Nxd5 f5 13. e5 Nc6 14. exd6 Qxd6 15. Bd2 Nd4 16. Bc3 b5 17. Nxd4 Bxd4+ 18. Bxd4 cxd4 19. Qxd4 bxc4 20. Rfe1 1-0

[Event "Barcelona Sant Marti op-A 22nd"]
[Site "Barcelona"]
[Date "2022.07.15"]
[Round "3"]
[White "Fernandez Diaz, Cristian"]
[Black "Nagare, Akhilesh"]
[Result "1-0"]
[WhiteElo "2318"]
[BlackElo "1856"]
[PlyCount "59"]
[EventDate "2022.07.13"]
[EventType "swiss"]
[EventRounds "9"]
[EventCountry "ESP"]
[SourceTitle "CBM 209 Extra"]
[Source "ChessBase"]
[SourceDate "2022.09.30"]
[SourceVersion "1"]
[SourceVersionDate "2022.09.30"]
[SourceQuality "1"]

1. d4 d5 2. c4 e6 3. Nc3 c5 4. cxd5 exd5 5. Nf3 Nc6 6. g3 Nf6 7. Bg2 cxd4 8. Nxd4 Bc5 9. Nb3 Bb6 10. Na4 d4 11. Bg5 0-0 12. Nxb6 axb6 13. Bxc6 bxc6 14. Qxd4 Be6 15. Bxf6 gxf6 16. Qc3 Qd5 17. 0-0 Bh3 18. e4 Qxe4 19. f3 Qg6 20. Rfe1 c5 21. Nc1 Rfd8 22. Ne2 Rd3 23. Qc4 Be6 24. Qb5 Rxf3 25. Qc6 Qd3 26. Qxa8+ Kg7 27. Rad1 Qe3+ 28. Kh1 Bg4 29. Ng1 Qf2 30. Re2 1-0

[Event "Catalunya-chT Gp1"]
[Site "Barcelona"]
[Date "2022.03.05"]
[Round "7.1"]
[White "Gallego Alcaraz, Andres Felipe"]
[Black "Fernandez Diaz, Cristian"]
[Result "1-0"]
[WhiteElo "2523"]
[BlackElo "2364"]
[PlyCount "75"]
[EventDate "2022.01.22"]
[EventType "team-tourn"]
[EventRounds "9"]
[EventCountry "ESP"]
[SourceTitle "CBM 208 Extra"]
[Source "ChessBase"]
[SourceDate "2022.07.31"]
[SourceVersion "1"]
[SourceVersionDate "2022.07.31"]
[SourceQuality "1"]
[WhiteTeam "Badalona Cor de Marina"]
[BlackTeam "Gramenet"]
[WhiteTeamCountry "ESP"]
[BlackTeamCountry "ESP"]

1. d4 Nf6 2. c4 c5 3. d5 g6 4. Nc3 Bg7 5. Nf3 d6 6. e4 0-0 7. h3 e6 8. Bd3 Nbd7 9. 0-0 e5 10. Re1 h6 11. a3 Nh7 12. Qc2 Ndf6 13. b4 b6 14. bxc5 bxc5 15. Rb1 Nh5 16. Qa4 a5 17. Qc6 Ra6 18. Qb5 Ng5 19. Nxg5 hxg5 20. Na4 Nf4 21. Bf1 Ra8 22. Nb6 Rb8 23. Qxa5 g4 24. Bd2 Qh4 25. Nxc8 Rbxc8 26. hxg4 Qxg4 27. Qc3 Bf6 28. Bxf4 Qxf4 29. Rb6 Rfd8 30. a4 Bg5 31. a5 Qd2 32. Qxd2 Bxd2 33. Ra1 Bc3 34. Ra2 Ra8 35. a6 Ra7 36. Rb7 Raa8 37. g3 Kf8 38. Bh3 1-0

[Event "Catalunya-chT Gp1"]
[Site "Barcelona"]
[Date "2022.02.26"]
[Round "6.1"]
[White "Fernandez Diaz, Cristian"]
[Black "Gines Esteo, Pedro Antonio"]
[Result "0-1"]
[WhiteElo "2364"]
[BlackElo "2419"]
[PlyCount "46"]
[EventDate "2022.01.22"]
[EventType "team-tourn"]
[EventRounds "9"]
[EventCountry "ESP"]
[SourceTitle "CBM 208 Extra"]
[Source "ChessBase"]
[SourceDate "2022.07.31"]
[SourceVersion "1"]
[SourceVersionDate "2022.07.31"]
[SourceQuality "1"]
[WhiteTeam "Gramenet"]
[BlackTeam "Barcelona Escacs CC"]
[WhiteTeamCountry "ESP"]
[BlackTeamCountry "ESP"]

1. d4 d5 2. Nf3 Nf6 3. Bf4 c5 4. e3 Nc6 5. Nbd2 cxd4 6. exd4 Bg4 7. c3 e6 8. Qa4 Bd6 9. Ba6 Bxf4 10. Bxb7 0-0 11. Bxc6 Rb8 12. b4 Qb6 13. b5 Rfc8 14. 0-0 a6 15. c4 Bxf3 16. Nxf3 dxc4 17. g3 axb5 18. Bxb5 Ra8 19. Qb4 Bd6 20. Qb1 Ba3 21. Nd2 Rcb8 22. Bxc4 Qxd4 23. Qd1 Bb4 0-1

[Event "Roquetas de Mar op 33rd"]
[Site "Roquetas de Mar"]
[Date "2022.01.05"]
[Round "3"]
[White "Fernandez Diaz, Cristian"]
[Black "Jakubowski, Krzysztof"]
[Result "0-1"]
[WhiteElo "2364"]
[BlackElo "2470"]
[PlyCount "40"]
[EventDate "2022.01.04"]
[EventType "swiss"]
[EventRounds "9"]
[EventCountry "ESP"]
[SourceTitle "EXT 2023"]
[Source "ChessBase"]
[SourceDate "2022.10.05"]
[SourceVersion "1"]
[SourceVersionDate "2022.10.05"]
[SourceQuality "1"]

1. d4 Nf6 2. c4 e6 3. Nc3 Bb4 4. Qc2 d5 5. cxd5 exd5 6. Bg5 h6 7. Bh4 Nc6 8. e3 g5 9. Bg3 h5 10. h4 Ne4 11. Nge2 Bf5 12. Qb3 Qe7 13. hxg5 0-0-0 14. 0-0-0 Na5 15. Qa4 a6 16. a3 Bxc3 17. Nxc3 Nxg3 18. Qxa5 Nxh1 19. Nxd5 Rxd5 20. Qxd5 Be4 0-1

[Event "Guimaraes op"]
[Site "Guimaraes"]
[Date "2021.08.28"]
[Round "8"]
[White "Fernandez Diaz, Cristian"]
[Black "Beerdsen, Thomas"]
[Result "1/2-1/2"]
[WhiteElo "2352"]
[BlackElo "2454"]
[PlyCount "59"]
[EventDate "2021.08.24"]
[EventType "swiss"]
[EventRounds "9"]
[EventCountry "POR"]
[SourceTitle "CBM 204 Extra"]
[Source "ChessBase"]
[SourceDate "2021.11.30"]
[SourceVersion "1"]
[SourceVersionDate "2021.11.30"]
[SourceQuality "1"]

1. d4 Nf6 2. c4 e6 3. Nc3 Bb4 4. e3 0-0 5. Bd2 d5 6. Nf3 Nbd7 7. Rc1 Be7 8. Bd3 dxc4 9. Bxc4 c5 10. 0-0 b6 11. Qe2 Bb7 12. Rfd1 Rc8 13. Ba6 Qc7 14. Be1 Rfd8 15. h3 h6 16. dxc5 Nxc5 17. Bxb7 Qxb7 18. Rxd8+ Rxd8 19. Rd1 Rxd1 20. Qxd1 Qd7 21. Qxd7 Nfxd7 22. Bd2 Nd3 23. b3 Bb4 24. Nb5 a6 25. Bxb4 Nxb4 26. Nc3 Kf8 27. Kf1 Ke7 28. Ke2 Kd6 29. a3 Nd5 30. Ne4+ 1/2-1/2

[Event "Titled Tuesday intern op 29th June"]
[Site "Chess.com INT"]
[Date "2021.06.29"]
[Round "3"]
[White "Fernandez Diaz, Cristian"]
[Black "Perez Gormaz, Matias Ariel"]
[Result "0-1"]
[WhiteElo "2359"]
[BlackElo "2413"]
[PlyCount "52"]
[EventDate "2021.06.29"]
[EventType "swiss (blitz)"]
[EventRounds "11"]
[EventCountry "USA"]
[SourceTitle "CBM 203 Extra"]
[Source "ChessBase"]
[SourceDate "2021.09.30"]
[SourceVersion "1"]
[SourceVersionDate "2021.09.30"]
[SourceQuality "1"]

1. d4 Nf6 2. c4 e6 3. Nc3 Bb4 4. e3 0-0 5. Bd2 b6 6. Nf3 Bb7 7. Bd3 Bxc3 8. Bxc3 Ne4 9. Rc1 f5 10. 0-0 d6 11. Nd2 Qh4 12. f3 Ng5 13. Qe2 Nd7 14. e4 fxe4 15. fxe4 e5 16. d5 Nc5 17. b4 Nxd3 18. Qxd3 Rae8 19. c5 Bc8 20. cxd6 cxd6 21. b5 Rf4 22. g3 Nh3+ 23. Kg2 Qg4 24. Bb4 Rxf1 25. Qxf1 Rf8 26. Qd3 Nf4+ 0-1

[Event "Barcelona Canovelles op"]
[Site "Barcelona"]
[Date "2020.12.29"]
[Round "4"]
[White "Fernandez Diaz, Cristian"]
[Black "Salinas Tomas, Daniel"]
[Result "0-1"]
[WhiteElo "2373"]
[BlackElo "1976"]
[PlyCount "114"]
[EventDate "2020.12.27"]
[EventType "swiss"]
[EventRounds "7"]
[EventCountry "ESP"]
[SourceTitle "CBM 200 Extra"]
[Source "ChessBase"]
[SourceDate "2021.03.31"]
[SourceVersion "1"]
[SourceVersionDate "2021.03.31"]
[SourceQuality "1"]

1. d4 Nf6 2. Nf3 e6 3. Bf4 b6 4. e3 Bb7 5. Bd3 c5 6. Nbd2 cxd4 7. exd4 d6 8. 0-0 Be7 9. Re1 0-0 10. h3 Nc6 11. Bh2 Rc8 12. c3 Re8 13. Qe2 Bf8 14. a4 h6 15. Ne4 Nd5 16. Rad1 Qd7 17. Bc2 Kh8 18. Qd3 f5 19. Ng3 Ncb4 20. cxb4 Nxb4 21. Qb3 Nxc2 22. Re2 Bd5 23. Qb5 Qxb5 24. axb5 Bb3 25. Nh5 Kg8 26. Nf4 Kf7 27. h4 Ba4 28. Rdd2 Nb4 29. Re1 Bxb5 30. h5 Bc4 31. Ng6 Red8 32. Bf4 Bd5 33. Nh2 Rc2 34. Rxc2 Nxc2 35. Rc1 Nxd4 36. Rc7+ Kg8 37. Rxa7 Ra8 38. Rxa8 Bxa8 39. Be3 e5 40. f4 Be4 41. fxe5 dxe5 42. Nxe5 Bc5 43. Nd7 Nf3+ 44. gxf3 Bxe3+ 45. Kf1 Bc6 46. Ne5 Bb5+ 47. Kg2 Bd4 48. Ng6 Bxb2 49. Ne7+ Kf8 50. Nxf5 Be8 51. Kf2 Bxh5 52. Nf1 Bg6 53. Nd6 Ba3 54. Nb5 Bc5+ 55. Ke1 Bd3 56. Nc7 Bxf1 57. Kxf1 Ke7 0-1

[Event "Barcelona Canovelles op"]
[Site "Barcelona"]
[Date "2020.12.28"]
[Round "2"]
[White "Fernandez Diaz, Cristian"]
[Black "Costa Trave, Jaume"]
[Result "1-0"]
[WhiteElo "2373"]
[BlackElo "1694"]
[PlyCount "79"]
[EventDate "2020.12.27"]
[EventType "swiss"]
[EventRounds "7"]
[EventCountry "ESP"]
[SourceTitle "CBM 200 Extra"]
[Source "ChessBase"]
[SourceDate "2021.03.31"]
[SourceVersion "1"]
[SourceVersionDate "2021.03.31"]
[SourceQuality "1"]

1. d4 d5 2. Nf3 Nc6 3. Bf4 Nf6 4. e3 Bf5 5. c4 a6 6. Nc3 e6 7. Be2 Bd6 8. Ne5 Bxe5 9. dxe5 Ne4 10. Rc1 d4 11. Nxe4 Bxe4 12. f3 Bg6 13. e4 Qe7 14. a3 Rd8 15. Bd3 0-0 16. Bg3 f5 17. exf6 gxf6 18. f4 f5 19. e5 Kh8 20. 0-0 Rg8 21. Qe1 Rdf8 22. Bh4 Qg7 23. Qf2 Bh5 24. Rce1 h6 25. Bf6 Rxf6 26. exf6 Qxf6 27. b4 Bg4 28. Kh1 Ne7 29. Be2 b6 30. Bxg4 fxg4 31. Qe2 Rg6 32. Qe4 Nf5 33. c5 Qh4 34. Qe5+ Kh7 35. cxb6 cxb6 36. Qc7+ Ng7 37. Rd1 g3 38. h3 Rf6 39. Rxd4 Kg6 40. f5+ 1-0